01010cam a2200301 i 450000100090000000300040000900500170001300800410003001000170007102000180008804000230010604200150012904300120014405000280015608200180018410000390020224500620024126400520030330000580035533600260041333700280043933800270046750400670049460000440056165000350060565000320064065100360067222904965OSt20240612155931.0221219s2022 ke ab b 000 0beng  a 2022321777 a9789914740097 aDLCbengerdacDLC apccalcode af-ke---00aDT433.582.N59bN53 2022 a361bNKA 20221 aNkaisserry, Helen Pilale,eauthor.14aThe General and I :ba memoir /cHelen Pilale Nkaisserry. 1aNairobi, Kenya :bSanturi Media Limited,c2022. a569 pages :bcolor illustrations, color maps ;c23 cm atextbtxt2rdacontent aunmediatedbn2rdamedia avolumebnc2rdacarrier aIncludes bibliographical references (pages 552-554) and index.10aNkaisserry, Joseph Kasaine,d1949-2017. 0aPoliticianszKenyavBiography. 0aGeneralszKenyavBiography. 0aKenyaxPolitics and government.